| 000 | 00493nam a2200181Ia 4500 | ||
|---|---|---|---|
| 008 | 220214s9999 xx 000 0 und d | ||
| 100 | _aJayasuriya MM | ||
| 245 | 0 | _aRadiation vulcanization of natural rubber latex using TMPTMA and PEA | |
| 260 |
_bEuropean Polymer Journal _c2001 |
||
| 300 | _a93-98 | ||
| 650 | _aCrosslink density | ||
| 650 | _aIrradiation | ||
| 650 | _aRV accelerators | ||
| 650 | _aTensile properties | ||
| 700 | _a6aYoshi F | ||
| 700 | _aMakuuchi K | ||
| 942 | _cRE | ||
| 999 |
_c45922 _d45922 |
||